El tío vivo (Record no. 156153)

MARC details
000 -LEADER
campo de control de longitud fija 00918nam a22002055i 4500
001 - NÚMERO DE CONTROL
campo de control 156153
003 - IDENTIFICADOR DE NÚMERO DE CONTROL
campo de control ES-MaACL
005 - FECHA Y HORA DE LA ÚLTIMA TRANSACCIÓN
campo de control 20251114121410.0
008 - DATOS DE LONGITUD FIJA--INFORMACIÓN GENERAL
campo de control de longitud fija 020418s1888 sp |||| | spa d
040 ## - FUENTE DE CATALOGACIÓN
Centro catalogador/agencia de origen CAM
Lengua de catalogación spa
Centro/agencia transcriptor CAM
100 1# - ENTRADA PRINCIPAL--NOMBRE DE PERSONA
Nombre de persona Jackson Cortés, Eduardo,
Fechas asociadas al nombre 1826-1890
9 (RLIN) 128236
245 13 - MENCIÓN DEL TÍTULO
Título El tío vivo
Resto del título : sainte lírico, en un acto /
Mención de responsabilidad, etc. libro de Eduardo Jackson Cortés; música del maestro Taboada.
260 ## - PUBLICACIÓN, DISTRIBUCIÓN, ETC.
Lugar de publicación, distribución, etc. Madrid :
Nombre del editor, distribuidor, etc. [s.n.],
Fecha de publicación, distribución, etc. 1888 (
Fabricante Imprenta de M.P. Montoya)
300 ## - DESCRIPCIÓN FÍSICA
Extensión 36 p. ;
Dimensiones 20 cm.
500 #1 - NOTA GENERAL
Nota general Representado en el Teatro Martín la noche del 1º de diciembre de 1888.
596 #1 - NOTA AL PIE DE IMPRENTA
NOTA AL PIE DE IMPRENTA En verso de la port. consta: "... Biblioteca Lírico Dramática de Enrique Arregui ..."
700 11 - ENTRADA AGREGADA--NOMBRE PERSONAL
Nombre de persona Taboada, Rafael,
Fechas asociadas al nombre 1837-1914
Término indicativo de función/relación
9 (RLIN) 133103
852 ## - LOCALIZACIÓN
Ubicación ES-MaACL
Número de control de estantería F-4677
Nota libre -- Enc. hol.
-- -- Enc. en un vol. facticio
Encuadernación -- Edic: T245: Corregir en tit: "sainete"
Holdings
Estatus retirado Estado de pérdida Estado de daño No para préstamo Colección Biblioteca de origen Biblioteca actual Ubicación en estantería Fecha de adquisición Fuente de adquisición Total de préstamos Signatura topográfica completa Código de barras Visto por última vez Precio de reemplazo Tipo de ítem Koha
        Libros del s. XIX Biblioteca del Ateneo de Madrid Biblioteca del Ateneo de Madrid Depósito 2 17/01/2008     F-4677 1163365 23/02/2023 23/02/2023 Libro impreso antiguo